Νέες τάσεις στη σύγχρονη χρηματοοικονομική μηχανική : από τη στοχαστική προσέγγιση στις υπολογιστικά νοήμονες μεθοδολογίες
Αποθηκεύτηκε σε:
| Κύριος συγγραφέας: | |
|---|---|
| Συγγραφή απο Οργανισμό/Αρχή: | |
| Μορφή: | Thesis Βιβλίο |
| Γλώσσα: | English |
| Δημοσίευση: |
2007
|
| Θέματα: | |
| Διαθέσιμο Online: | http://hdl.handle.net/11610/11005 |
| Ετικέτες: |
Προσθήκη ετικέτας
Δεν υπάρχουν, Καταχωρήστε ετικέτα πρώτοι!
|
MARC
| LEADER | 00000cam a2200000 i 4500 | ||
|---|---|---|---|
| 001 | 1/44244 | ||
| 008 | 070514s2007 eng d | ||
| 035 | |l 10087813 | ||
| 040 | |a GR-MY-UA |b gre |e aacr | ||
| 041 | 0 | |a eng |b gre | |
| 082 | 0 | |a 006.32 |2 (22) | |
| 100 | 1 | |a Θωμαΐδης, Νικόλαος. | |
| 245 | 1 | 0 | |a Νέες τάσεις στη σύγχρονη χρηματοοικονομική μηχανική : |b από τη στοχαστική προσέγγιση στις υπολογιστικά νοήμονες μεθοδολογίες / |c Νικόλαος Θωμαϊδης ; τριμελής συμβουλευτική επιτροπή Γεώργιος Δούνιας, Αριστοφάνης Δημάκης, Γεώργιος Λιάγκουρας |
| 260 | |c 2007 | ||
| 300 | |a 183 σ. με πικοίλες σελιδαριθμήσεις; |b πίν.; |c 30 εκ. | ||
| 500 | |a Εκτενής περίληψη στα ελληνικά της διατριβής που κατατέθηκε για την απόκτηση του διδακτορικού διπλώματος | ||
| 502 | # | # | |a Διατριβή (διδακτορική) – Πανεπιστήμιο Αιγαίου, Χίος, 2007. |
| 504 | |a Περιλαμβάνει βιβλιογραφία | ||
| 650 | 0 | 0 | |a Neural networks (Computer science) |
| 650 | 0 | 0 | |a Computational intelligence. |
| 650 | 0 | 0 | |a Dissertations, Academic |z Greece. |
| 710 | 1 | |a Πανεπιστήμιο Αιγαίου |b Σχολή Επιστημών της Διοίκησης |b Τμήμα Μηχανικών Οικονομίας και Διοίκησης |b Μεταπτυχιακό Πρόγραμμα Σπουδών "Οικονομική & Διοίκηση για Μηχανικούς" - Ο.ΔΙ.Μ. | |
| 852 | |a INST |b CHIOS |c DIATR |e 20070514 |h 006.32 ΘΩΜ |p 005200028972 |q 005200028972 |t PHD |y 23 | ||
| 852 | |a INST |b CHIOS |c DIATR |e 20070514 |h 006.32 ΘΩΜ |p 005200028973 |q 005200028973 |t PHD |y 23 | ||
| 856 | |u http://hdl.handle.net/11610/11005 | ||
| 901 | |a BIBL2-2007-2 | ||
| 909 | |a Χ |b 131008 | ||
| 909 | |a Χ |b 131009 | ||
| 924 | |a ΘΩΜΑΪΔΗΣ |b ΝΙΚΟΛΑΟΣ |y ΧΙΟΣ |z 2007-03 | ||
| 970 | |a ΒΑΣΙΛΑΚΗ |b ΝΙΚΗ |z 2007/05/14 | ||